[Event "Fall Pro-Am"]
[Site "Guelph CAN"]
[Date "2006.11.05"]
[Round "4"]
[White "Zubac, Marius"]
[Black "Hassain, Mahmud"]
[Result "1-0"]
[WhiteElo "2154"]
[BlackElo "2025"]
[PlyCount "111"]
[EventDate "2006.11.04"]
[EventType "swiss"]
[EventRounds "5"]
[EventCountry "CAN"]

1. d4 g6 2. e4 Bg7 3. h4 h5 4. Nc3 c5 5. Nf3 Nc6 6. d5 Nd4 7. Be3 Nxf3+ 8. gxf3
Qb6 9. Rb1 a6 10. Qd2 Qc7 11. f4 b5 12. Rg1 d6 13. f5 Bf6 14. fxg6 fxg6 15.
Rxg6 Bg4 16. Be2 Kf7 17. Rxg4 hxg4 18. Bxg4 Rf8 19. h5 Ke8 20. Ne2 Be5 21. f4
Bf6 22. Bf5 Bh4+ 23. Bf2 Bxf2+ 24. Kxf2 Rxf5 25. exf5 Rxh5 26. Rg1 Nf6 27. Qe3
Qd7 28. Rg7 Kf8 29. Rg2 Qxf5 30. Qe6 Qxd5 31. Qxd5 Nxd5 32. a3 Rf5 33. Rg5 Rxg5
34. fxg5 Nc7 35. Kg3 Ne6 36. Kg4 Kf7 37. Kf5 Nf8 38. Nf4 e6+ 39. Kg4 Ng6 40.
Nd3 a5 41. Kh5 Kg7 42. Kg4 c4 43. Nf2 Ne7 44. Ne4 Nf5 45. Kh5 b4 46. a4 e5 47.
Nf6 Kf7 48. Ne4 d5 49. Nc5 Ne7 50. Nb7 c3 51. bxc3 bxc3 52. Nxa5 Ke6 53. Nb3 d4
54. a5 Kd5 55. g6 Ke6 56. a6 1-0

[Event "Fall Pro-Am"]
[Site "Guelph CAN"]
[Date "2006.11.05"]
[Round "5"]
[White "Bannon, Eric"]
[Black "Upper, John"]
[Result "1-0"]
[WhiteElo "2087"]
[BlackElo "2054"]
[PlyCount "70"]
[EventDate "2006.11.04"]
[EventType "swiss"]
[EventRounds "5"]
[EventCountry "CAN"]

1. e4 e6 2. d4 d5 3. Nc3 Nf6 4. e5 Nfd7 5. f4 c5 6. Nf3 Nc6 7. Be3 cxd4 8. Nxd4
Bc5 9. Qd2 a6 10. O-O-O Nxd4 11. Bxd4 b5 12. Bxc5 Nxc5 13. Bd3 O-O 14. Qf2 Qc7
15. Qh4 f5 16. g4 Bd7 17. gxf5 Nxd3+ 18. Rxd3 Rxf5 19. Rh3 h5 20. Rg1 Raf8 21.
Rhg3 R8f7 22. Ne2 Qb6 23. Qh3 Kf8 24. Qg2 b4 25. Rxg7 Qxg1+ 26. Qxg1 Rxg7 27.
Qc5+ Kg8 28. Qxb4 h4 29. Qb8+ Rf8 30. Qd6 Bc8 31. Kd1 Rg2 32. Qc5 Bd7 33. Qe7
Bb5 34. Qxe6+ Kg7 35. Nd4 Rxf4 1-0

[Event "Fall Pro-Am"]
[Site "Guelph CAN"]
[Date "2006.11.05"]
[Round "5"]
[White "Chung, Kevin"]
[Black "Beaulieu, Eric"]
[Result "1/2-1/2"]
[WhiteElo "2217"]
[BlackElo "2208"]
[PlyCount "55"]
[EventDate "2006.11.04"]
[EventType "swiss"]
[EventRounds "5"]
[EventCountry "CAN"]

1. e4 e6 2. d4 d5 3. exd5 exd5 4. c4 Nf6 5. Nc3 Be7 6. Bd3 Nc6 7. Nge2 Nb4 8.
O-O O-O 9. Bg5 Nxd3 10. Qxd3 dxc4 11. Qxc4 c6 12. Rfe1 h6 13. Bh4 Re8 14. Rad1
Be6 15. Qa4 g5 16. Bg3 Nd5 17. Nxd5 Bxd5 18. Nc3 Be6 19. d5 cxd5 20. Nxd5 Bxd5
21. Qb5 Bf6 22. Rxe8+ Qxe8 23. Rxd5 a6 24. Qb4 Rc8 25. h3 b5 26. Qd2 Rc6 27.
Rd6 Kg7 28. b3 1/2-1/2

[Event "Fall Pro-Am"]
[Site "Guelph CAN"]
[Date "2006.11.05"]
[Round "5"]
[White "Sundar, Avinaash"]
[Black "Cloutier, Mario"]
[Result "0-1"]
[WhiteElo "2027"]
[BlackElo "2225"]
[PlyCount "67"]
[EventDate "2006.11.04"]
[EventType "swiss"]
[EventRounds "5"]
[EventCountry "CAN"]

1. c4 e5 2. Nc3 Nf6 3. g3 d5 4. cxd5 Nxd5 5. Bg2 Nb6 6. Nf3 Nc6 7. O-O Be7 8.
a4 a5 9. d3 O-O 10. Be3 Be6 11. d4 exd4 12. Nxd4 Nxd4 13. Bxd4 c6 14. Ne4 Bd5
15. Bc3 Qc8 16. Qc2 Qe6 17. Bd2 Bb3 18. Qc3 Nxa4 19. Qf3 h6 20. Rfc1 Rfd8 21.
Be3 f5 22. Nd2 Bd5 23. Qf4 Bg5 24. Bxd5 Rxd5 25. Qxa4 Bxe3 26. Nf3 Bxc1 27.
Rxc1 Qxe2 28. Kg2 Qe4 29. Rc4 Qe7 30. Qb3 Kh8 31. Qc3 Rad8 32. Rh4 Kh7 33. Qc2
Rd3 34. Qc1 0-1

[Event "Fall Pro-Am U2000"]
[Site "Guelph CAN"]
[Date "2006.11.04"]
[Round "2"]
[White "Gladstone, Simon"]
[Black "Jordan, John"]
[Result "1-0"]
[WhiteElo "1571"]
[BlackElo "1666"]
[PlyCount "93"]
[EventDate "2006.11.04"]
[EventType "swiss"]
[EventRounds "5"]
[EventCountry "CAN"]

1. e4 d6 2. d4 Nf6 3. Nc3 g6 4. f4 Bg7 5. e5 dxe5 6. dxe5 Qxd1+ 7. Kxd1 Ng4 8.
Ke1 c6 9. h3 Nh6 10. g4 Nd7 11. Nf3 Nb6 12. Be3 Be6 13. Rd1 Nd5 14. Nxd5 Bxd5
15. Bg2 f5 16. g5 Nf7 17. Rh2 a5 18. Nd4 Nd8 19. Bxd5 cxd5 20. Nb5 Rc8 21. Rxd5
Nc6 22. Rhd2 O-O 23. Rd7 Rfd8 24. Rxb7 Rxd2 25. Bxd2 Bf8 26. Rc7 Rxc7 27. Nxc7
Kf7 28. e6+ Kg8 29. Bc3 Bg7 30. Bxg7 Kxg7 31. c3 h6 32. h4 h5 33. b3 Kf8 34. a3
Na7 35. b4 axb4 36. axb4 Nc8 37. c4 Nd6 38. c5 Nc4 39. b5 Ne3 40. b6 Ng2+ 41.
Kf2 Nxf4 42. b7 Nd3+ 43. Ke3 Nxc5 44. b8=Q+ Kg7 45. Ne8+ Kh7 46. Nf6+ exf6 47.
Qc7+ 1-0

[Event "Fall Pro-Am U2000"]
[Site "Guelph CAN"]
[Date "2006.11.04"]
[Round "2"]
[White "Sapozhnikov, Roman"]
[Black "Litchfield, Gerry"]
[Result "1-0"]
[WhiteElo "1915"]
[BlackElo "1596"]
[PlyCount "47"]
[EventDate "2006.11.04"]
[EventType "swiss"]
[EventRounds "5"]
[EventCountry "CAN"]

1. e4 e5 2. Nf3 d6 3. d4 Nf6 4. Nc3 Nbd7 5. Bg5 Be7 6. Qd2 c6 7. d5 Nc5 8. Bxf6
Bxf6 9. h3 a5 10. O-O-O Be7 11. Qe3 Qc7 12. Be2 Bd7 13. Nd2 Rb8 14. a4 Na6 15.
dxc6 Bxc6 16. Nb5 Bxb5 17. Bxb5+ Kf8 18. Nc4 Nc5 19. b3 Ne6 20. Qb6 Qc5 21.
Qxc5 Nxc5 22. Rhe1 g6 23. Nxd6 Kg7 24. Nc4 1-0

[Event "Fall Pro-Am U2000"]
[Site "Guelph CAN"]
[Date "2006.11.04"]
[Round "3"]
[White "Gareau, Don"]
[Black "Sapozhnikov, Roman"]
[Result "1/2-1/2"]
[WhiteElo "1642"]
[BlackElo "1915"]
[PlyCount "102"]
[EventDate "2006.11.04"]
[EventType "swiss"]
[EventRounds "5"]
[EventCountry "CAN"]

1. d4 Nf6 2. c4 g6 3. Nc3 Bg7 4. e4 d6 5. f3 c6 6. Be3 a6 7. Qd2 b5 8. Bd3 Nbd7
9. cxb5 axb5 10. Bc2 Bb7 11. Nh3 e5 12. Bb3 O-O 13. O-O Qe7 14. d5 b4 15. Ne2
c5 16. Ng3 Ba6 17. Rfc1 Rfc8 18. Bc4 Bxc4 19. Rxc4 Nb6 20. Rcc1 Qb7 21. b3 Ra3
22. f4 Ng4 23. f5 Nxe3 24. Qxe3 c4 25. Qg5 cxb3 26. axb3 Nd7 27. fxg6 hxg6 28.
Rxc8+ Qxc8 29. Rc1 Nc5 30. Qe7 Qd7 31. Qh4 f6 32. Nf2 Nxb3 33. Rd1 Ra1 34. Rxa1
Nxa1 35. Ng4 Qe7 36. Qh3 b3 37. Ne2 Qa7+ 38. Kf1 Qa2 39. Nxf6+ Bxf6 40. Qe6+
Kg7 41. Qd7+ Kh8 42. Qh3+ Kg7 43. Qd7+ Kf8 44. Qc8+ Ke7 45. Qe6+ Kd8 46. Qxf6+
Kc8 47. Qe6+ Kc7 48. Qe7+ Kc8 49. Qe8+ Kb7 50. Qc6+ Ka7 51. Qc7+ Ka8 1/2-1/2

[Event "Fall Pro-Am U2000"]
[Site "Guelph CAN"]
[Date "2006.11.05"]
[Round "4"]
[White "Gareau, Don"]
[Black "Gladstone, Simon"]
[Result "1-0"]
[WhiteElo "1642"]
[BlackElo "1571"]
[PlyCount "73"]
[EventDate "2006.11.04"]
[EventType "swiss"]
[EventRounds "5"]
[EventCountry "CAN"]

1. d4 e6 2. c4 Nf6 3. Nf3 Bb4+ 4. Bd2 Qe7 5. a3 Bxd2+ 6. Nbxd2 d6 7. e3 b6 8.
Bd3 Bb7 9. Qc2 Nbd7 10. b4 O-O 11. O-O c5 12. Ng5 h6 13. Nh3 e5 14. bxc5 bxc5
15. d5 Bc8 16. Bf5 Nb6 17. Bxc8 Rfxc8 18. e4 Qd7 19. a4 a5 20. Rfb1 Rab8 21.
Rb5 Na8 22. Rab1 Qa7 23. Qb3 Nd7 24. Qc3 Rb6 25. f4 f6 26. fxe5 fxe5 27. Nf2
Rcb8 28. Qh3 Nf6 29. Ng4 Nxg4 30. Qxg4 Nc7 31. Rxb6 Rxb6 32. Qc8+ Kh7 33. Rf1
Rb8 34. Qd7 Qb6 35. Rf7 Ne8 36. Qf5+ Kg8 37. Rf8# 1-0

[Event "Fall Pro-Am U2000"]
[Site "Guelph CAN"]
[Date "2006.11.05"]
[Round "4"]
[White "Wang, Jerry ZS"]
[Black "Sapozhnikov, Roman"]
[Result "0-1"]
[WhiteElo "1733"]
[BlackElo "1915"]
[PlyCount "156"]
[EventDate "2006.11.04"]
[EventType "swiss"]
[EventRounds "5"]
[EventCountry "CAN"]

1. e4 c5 2. Nc3 e6 3. g3 d5 4. d3 d4 5. Nce2 e5 6. Bg2 Nc6 7. f4 Bg4 8. Nf3 Bd6
9. c4 Qd7 10. h3 Bxf3 11. Bxf3 h5 12. Bd2 Nf6 13. a3 Qc7 14. f5 Qb6 15. Qc2 g6
16. fxg6 fxg6 17. Rf1 O-O-O 18. O-O-O Rdf8 19. Rf2 Nd8 20. Rdf1 Ne6 21. Bg2 Be7
22. Ng1 h4 23. g4 Nd7 24. Rxf8+ Rxf8 25. Rxf8+ Ndxf8 26. Nf3 Nd7 27. g5 Qd8 28.
Nxh4 Bxg5 29. Nf3 Bxd2+ 30. Qxd2 g5 31. Qf2 Nf4 32. Bf1 Ne6 33. Nh2 Qf6 34.
Qxf6 Nxf6 35. Nf3 Nd7 36. Kd2 Kd8 37. Ke2 Ke7 38. Kf2 Kf6 39. Kg3 Nb6 40. b3 a5
41. a4 Nd7 42. h4 gxh4+ 43. Nxh4 Ng7 44. Kg4 Nb8 45. Nf3 Nc6 46. Ne1 Nb4 47.
Be2 Na2 48. Bd1 Ne6 49. Ng2 Nb4 50. Be2 b6 51. Kh4 Nf4 52. Nxf4 exf4 53. Kg4
Ke5 54. Kf3 Nc2 55. Bd1 Na3 56. Kg4 Nb1 57. Kf3 Nc3 58. Bc2 Na2 59. Bb1 Nb4 60.
Kg4 Nc6 61. Bc2 Nd8 62. Bd1 Ne6 63. Bf3 Nc7 64. Bd1 Ne8 65. Kg5 Nf6 66. Bg4
Nxe4+ 67. dxe4 Kxe4 68. Kh4 d3 69. Bd1 Ke3 70. Kg4 d2 71. Bf3 Kf2 72. Kxf4 Ke1
73. Ke5 d1=Q 74. Bxd1 Kxd1 75. Kd6 Kc2 76. Kc6 Kxb3 77. Kxb6 Kb4 78. Kc6 Kxc4
0-1

[Event "Fall Pro-Am U2000"]
[Site "Guelph CAN"]
[Date "2006.11.05"]
[Round "5"]
[White "Gladstone, Simon"]
[Black "Kitich, Zeljko"]
[Result "1/2-1/2"]
[WhiteElo "1571"]
[BlackElo "1550"]
[PlyCount "56"]
[EventDate "2006.11.04"]
[EventType "swiss"]
[EventRounds "5"]
[EventCountry "CAN"]

1. e4 e6 2. d4 d5 3. Nd2 Nf6 4. e5 Nfd7 5. Bd3 c5 6. c3 Nc6 7. Ndf3 Qa5 8. Ne2
cxd4 9. Nexd4 Nxd4 10. Nxd4 Nxe5 11. O-O Nxd3 12. Qxd3 Bd7 13. Be3 g6 14. Rfe1
Bg7 15. Nb3 Qc7 16. Rac1 O-O 17. Rc2 b6 18. c4 dxc4 19. Rxc4 Qb7 20. Bd4 Bb5
21. Bxg7 Bxc4 22. Qd4 Qd5 23. Qf6 Qf5 24. Qxf5 gxf5 25. Bxf8 Bxb3 26. Re3 Kxf8
27. Rxb3 Rd8 28. Kf1 Rd4 1/2-1/2

[Event "Fall Pro-Am U2000"]
[Site "Guelph CAN"]
[Date "2006.11.05"]
[Round "5"]
[White "Sapozhnikov, Roman"]
[Black "Wojtas, Artur"]
[Result "1-0"]
[WhiteElo "1915"]
[BlackElo "1547"]
[PlyCount "57"]
[EventDate "2006.11.04"]
[EventType "swiss"]
[EventRounds "5"]
[EventCountry "CAN"]

1. e4 c5 2. Nf3 g6 3. d4 cxd4 4. Nxd4 Bg7 5. Nc3 Nc6 6. Be3 Nf6 7. Be2 Qa5 8.
O-O O-O 9. Kh1 d6 10. h3 a6 11. Nb3 Qc7 12. f4 b5 13. Bf3 Bb7 14. a3 Rac8 15.
g4 h6 16. h4 Na5 17. Nxa5 Qxa5 18. g5 Rxc3 19. gxf6 Rxe3 20. fxg7 Rc8 21. h5
Bxe4 22. Bxe4 Rxe4 23. hxg6 b4 24. gxf7+ Kxf7 25. Qg4 Rg8 26. Rg1 Re6 27. f5
Qd5+ 28. Rg2 Rxg7 29. Qxg7+ 1-0

[Event "February Sectional. Section A"]
[Site "Winnipeg CAN"]
[Date "2006.02.10"]
[Round "1"]
[White "Boron, Anthony"]
[Black "Babb, Jeff"]
[Result "1/2-1/2"]
[WhiteElo "1975"]
[BlackElo "2139"]
[PlyCount "110"]
[EventDate "2006.02.10"]
[EventType "tourn"]
[EventRounds "5"]
[EventCountry "CAN"]

1. e4 e5 2. Nf3 Nc6 3. Bb5 a6 4. Bxc6 dxc6 5. O-O Bd6 6. d4 exd4 7. Qxd4 f6 8.
h3 Be6 9. Nc3 Ne7 10. Re1 O-O 11. Ne2 Ng6 12. Be3 Qd7 13. c4 c5 14. Qd2 Rad8
15. b3 Bxh3 16. gxh3 Qxh3 17. Qd5+ Rf7 18. Qf5 Qxf5 19. exf5 Ne7 20. Nh4 Nc6
21. Rad1 Re8 22. Nf4 Re4 23. Nhg2 Ne7 24. Ne6 b6 25. f3 Re5 26. Bf4 Rxe1+ 27.
Nxe1 Nxf5 28. Bxd6 cxd6 29. Kf2 Re7 30. Rd5 g6 31. Nf4 Kf7 32. Nc2 Ke8 33. Ne2
Kd7 34. Nc3 Kc6 35. Ne4 Re6 36. Ne1 Ne7 37. Nc3 b5 38. Rd1 Nc8 39. Nd5 f5 40.
Nd3 Re8 41. Rh1 Rh8 42. N3f4 Nb6 43. Nxg6 bxc4 44. Nxb6 Re8 45. Nxc4 hxg6 46.
Rh7 d5 47. Nd2 Kb5 48. Rb7+ Kc6 49. Ra7 Kb6 50. Rd7 Kc6 51. Rg7 Re6 52. Ra7 Kb5
53. Rb7+ Kc6 54. Ra7 Kb5 55. Rd7 Kc6 1/2-1/2

[Event "February Sectional. Section A"]
[Site "Winnipeg CAN"]
[Date "2006.02.10"]
[Round "1"]
[White "Khedkar, Jay"]
[Black "Gentes, Kevin"]
[Result "0-1"]
[WhiteElo "1880"]
[BlackElo "2311"]
[PlyCount "60"]
[EventDate "2006.02.10"]
[EventType "tourn"]
[EventRounds "5"]
[EventCountry "CAN"]

1. e4 c5 2. Nf3 d6 3. d4 cxd4 4. Nxd4 Nf6 5. Nc3 a6 6. Bg5 e6 7. f4 Nbd7 8. Qf3
Qc7 9. O-O-O Be7 10. Bd3 h6 11. Qh3 Nb6 12. Rhe1 Rg8 13. e5 hxg5 14. exf6 Bxf6
15. Nf5 Bxc3 16. bxc3 Kf8 17. Nxg7 Rxg7 18. Qh8+ Rg8 19. Qh6+ Ke7 20. Bh7 Qxc3
21. Bxg8 Nc4 22. Qxg5+ Kd7 23. Rxd6+ Kxd6 24. Qd8+ Bd7 25. Rd1+ Kc5 26. Qe7+
Kb6 27. Rd6+ Nxd6 28. Qxd6+ Bc6 29. Bxf7 Qa1+ 30. Kd2 Qf6 0-1

[Event "February Sectional. Section A"]
[Site "Winnipeg CAN"]
[Date "2006.02.10"]
[Round "1"]
[White "Zaczek, Jonathan"]
[Black "Vincent, Trevor"]
[Result "1-0"]
[WhiteElo "2030"]
[BlackElo "1997"]
[PlyCount "75"]
[EventDate "2006.02.10"]
[EventType "tourn"]
[EventRounds "5"]
[EventCountry "CAN"]

1. e4 c5 2. Nf3 Nc6 3. d4 cxd4 4. Nxd4 g6 5. c4 Nf6 6. Nc3 d6 7. Be2 Nxd4 8.
Qxd4 Bg7 9. Bg5 O-O 10. Qd2 Be6 11. O-O Qa5 12. Rad1 Rfc8 13. b3 a6 14. Bxf6
Bxf6 15. Nd5 Qxd2 16. Nxf6+ Kg7 17. Nh5+ gxh5 18. Rxd2 Rc5 19. f4 f6 20. Rf3 a5
21. a4 Kh6 22. Kf2 Rg8 23. g3 h4 24. Re3 hxg3+ 25. hxg3 Kg7 26. Rd1 h5 27. Rh1
Bf7 28. Bf3 b6 29. Rhe1 Rd8 30. Rd3 Rcc8 31. Ke3 Rc5 32. Rd2 Rh8 33. Rh1 Rg8
34. f5 Kh6 35. Kf4 Rg5 36. Rdh2 Rc8 37. g4 Rcg8 38. Ke3 1-0

[Event "February Sectional. Section A"]
[Site "Winnipeg CAN"]
[Date "2006.02.11"]
[Round "2"]
[White "Babb, Jeff"]
[Black "Zaczek, Jonathan"]
[Result "1-0"]
[WhiteElo "2139"]
[BlackElo "2030"]
[PlyCount "59"]
[EventDate "2006.02.10"]
[EventType "tourn"]
[EventRounds "5"]
[EventCountry "CAN"]

1. c4 Nf6 2. g3 g6 3. Bg2 c5 4. Nc3 Nc6 5. e4 Bg7 6. Nge2 O-O 7. O-O d6 8. f4
Rb8 9. d3 Ne8 10. f5 Nc7 11. g4 b5 12. Nxb5 Nxb5 13. cxb5 Rxb5 14. Rb1 Bd7 15.
b3 Qa5 16. Bb2 Nd4 17. Nc3 Rbb8 18. Kh1 Bc6 19. Rf2 Nxf5 20. gxf5 Bxc3 21. f6
exf6 22. Rxf6 Rbd8 23. Qc2 Bxb2 24. Qxb2 Ba8 25. Rbf1 Qc7 26. Qf2 d5 27. e5
Qxe5 28. Rxf7 Qd6 29. h4 d4 30. Rxf8+ 1-0

[Event "February Sectional. Section A"]
[Site "Winnipeg CAN"]
[Date "2006.02.11"]
[Round "2"]
[White "Gentes, Kevin"]
[Black "Vincent, Trevor"]
[Result "1-0"]
[WhiteElo "2311"]
[BlackElo "1997"]
[PlyCount "57"]
[EventDate "2006.02.10"]
[EventType "tourn"]
[EventRounds "5"]
[EventCountry "CAN"]

1. d4 Nf6 2. c4 e5 3. dxe5 Ng4 4. Nf3 Bc5 5. e3 Nc6 6. a3 a5 7. Nc3 O-O 8. Qd5
Qe7 9. Nb5 d6 10. exd6 cxd6 11. Be2 Be6 12. Qd1 Nge5 13. Nd2 d5 14. cxd5 Bxd5
15. O-O Rad8 16. Qa4 b6 17. Nb3 Be4 18. Nxc5 Qxc5 19. Nc3 Bd5 20. Nxd5 Rxd5 21.
Qb3 b5 22. Bd2 a4 23. Qa2 Kh8 24. Bc3 Rfd8 25. Rac1 Qd6 26. Qb1 Nd3 27. Rcd1
Kg8 28. Bf3 Rc5 29. Rd2 1-0

[Event "February Sectional. Section A"]
[Site "Winnipeg CAN"]
[Date "2006.02.11"]
[Round "2"]
[White "Khedkar, Jay"]
[Black "Boron, Anthony"]
[Result "0-1"]
[WhiteElo "1880"]
[BlackElo "1975"]
[PlyCount "98"]
[EventDate "2006.02.10"]
[EventType "tourn"]
[EventRounds "5"]
[EventCountry "CAN"]

1. e4 d5 2. exd5 Qxd5 3. Nc3 Qa5 4. d4 c6 5. Bc4 Bf5 6. Nf3 e6 7. O-O Nf6 8.
Qe2 Nbd7 9. Bg5 Be7 10. Rad1 O-O 11. Ne5 Bb4 12. Bxf6 Nxf6 13. g4 Bg6 14. h4
Bxc3 15. bxc3 Qxc3 16. h5 Be4 17. g5 Qh3 18. f3 Bf5 19. gxf6 gxf6 20. Nd7 Kh8
21. Qh2 Rg8+ 22. Kh1 Rg3 23. Nxf6 Rxf3 24. Qxh3 Rxh3+ 25. Kg2 Rc3 26. Bb3 Bh3+
27. Kf2 Bxf1 28. Rxf1 Kg7 29. Ne4 Rh3 30. Ng3 a5 31. d5 cxd5 32. Kg2 Rxg3+ 33.
Kxg3 a4 34. Bxd5 exd5 35. Kf4 Rc8 36. Rf2 f6 37. Kf5 Re8 38. Rg2+ Kf7 39. h6
Re5+ 40. Kf4 Rg5 41. Rd2 Rh5 42. Kg4 Rxh6 43. Rxd5 Rh2 44. Rc5 b6 45. Rc6 b5
46. a3 h5+ 47. Kg3 Re2 48. Kf3 Re5 49. c4 h4 0-1

[Event "February Sectional. Section A"]
[Site "Winnipeg CAN"]
[Date "2006.02.11"]
[Round "3"]
[White "Boron, Anthony"]
[Black "Gentes, Kevin"]
[Result "0-1"]
[WhiteElo "1975"]
[BlackElo "2311"]
[PlyCount "62"]
[EventDate "2006.02.10"]
[EventType "tourn"]
[EventRounds "5"]
[EventCountry "CAN"]

1. e4 c5 2. Nf3 e6 3. b3 a6 4. g3 d5 5. exd5 exd5 6. d4 Bg4 7. Be2 Nc6 8. dxc5
Bxc5 9. O-O Nf6 10. Bb2 O-O 11. Nbd2 Bh3 12. Ng5 Bxf1 13. Nxf1 Ne4 14. Nxe4
dxe4 15. Qe1 Qg5 16. Bc4 Rfe8 17. h4 Qg6 18. Ne3 Nd4 19. Bxd4 Bxd4 20. Rd1 Rad8
21. Qa5 Bxe3 22. Qxd8 Qxg3+ 23. Kh1 Qf3+ 24. Kh2 Qxf2+ 25. Kh1 Qf3+ 26. Kh2
Bf4+ 27. Kg1 Qg3+ 28. Kf1 Qh3+ 29. Ke1 Bg3+ 30. Ke2 Qg2+ 31. Ke3 Qf2# 0-1

[Event "February Sectional. Section A"]
[Site "Winnipeg CAN"]
[Date "2006.02.11"]
[Round "3"]
[White "Vincent, Trevor"]
[Black "Babb, Jeff"]
[Result "1-0"]
[WhiteElo "1997"]
[BlackElo "2139"]
[PlyCount "69"]
[EventDate "2006.02.10"]
[EventType "tourn"]
[EventRounds "5"]
[EventCountry "CAN"]

1. c4 g6 2. g3 Bg7 3. Bg2 d6 4. Nc3 Nf6 5. e4 O-O 6. Nge2 Nc6 7. O-O Rb8 8. d3
a6 9. a4 a5 10. h3 Nb4 11. Be3 c6 12. f4 b6 13. d4 Ba6 14. b3 d5 15. e5 Ne8 16.
cxd5 cxd5 17. f5 gxf5 18. Rxf5 Bd3 19. Rf2 Bg6 20. Nf4 e6 21. h4 Rc8 22. Rc1
Bh6 23. h5 Bd3 24. Nxe6 fxe6 25. Bxh6 Rxf2 26. Kxf2 Ba6 27. Bf1 Bxf1 28. Kxf1
Qd7 29. Qg4+ Kh8 30. Kg2 Ng7 31. Bg5 Rf8 32. Bf6 Rxf6 33. exf6 Nf5 34. Qf4 Nd6
35. Nb5 1-0

[Event "February Sectional. Section A"]
[Site "Winnipeg CAN"]
[Date "2006.02.11"]
[Round "3"]
[White "Zaczek, Jonathan"]
[Black "Khedkar, Jay"]
[Result "1-0"]
[WhiteElo "2030"]
[BlackElo "1880"]
[PlyCount "43"]
[EventDate "2006.02.10"]
[EventType "tourn"]
[EventRounds "5"]
[EventCountry "CAN"]

1. e4 c5 2. Nf3 d6 3. d4 cxd4 4. Nxd4 Nf6 5. Nc3 a6 6. Bc4 e6 7. Bb3 Nc6 8. Be3
Be7 9. Qe2 Qa5 10. O-O-O O-O 11. Rhg1 Bd7 12. g4 Nxd4 13. Bxd4 Bc6 14. g5 Nd7
15. Qh5 Nc5 16. f3 Nxb3+ 17. cxb3 Rac8 18. Kb1 b5 19. Rg3 b4 20. Bxg7 bxc3 21.
Bxc3 Qb5 22. Rh3 1-0

[Event "February Sectional. Section A"]
[Site "Winnipeg CAN"]
[Date "2006.02.12"]
[Round "4"]
[White "Boron, Anthony"]
[Black "Zaczek, Jonathan"]
[Result "0-1"]
[WhiteElo "1975"]
[BlackElo "2030"]
[PlyCount "130"]
[EventDate "2006.02.10"]
[EventType "tourn"]
[EventRounds "5"]
[EventCountry "CAN"]

1. d4 Nf6 2. Nf3 g6 3. Nc3 d5 4. Bf4 Bg7 5. e3 O-O 6. Be2 Bg4 7. Ne5 Bxe2 8.
Qxe2 Nbd7 9. Nd3 Rc8 10. h4 c5 11. h5 Qa5 12. Qd2 Nxh5 13. Nxd5 Qxd2+ 14. Kxd2
Rfe8 15. Bg5 f6 16. Bh4 e6 17. g4 exd5 18. gxh5 cxd4 19. exd4 g5 20. Bg3 f5 21.
f4 Nf6 22. Nf2 g4 23. c3 Bh6 24. Rae1 Rxe1 25. Kxe1 Re8+ 26. Kd2 Kf7 27. a4
Ne4+ 28. Nxe4 Rxe4 29. Rf1 Bf8 30. Kd3 Bd6 31. b3 Ke6 32. c4 Bc7 33. Rf2 Kd7
34. Rf1 Kc6 35. Bh2 Bd8 36. c5 a5 37. Bg1 Bh4 38. Be3 Bg3 39. Bd2 Bh2 40. Rf2
Bg1 41. Rf1 Bxd4 42. Bxa5 Bxc5 43. Rc1 Kd6 44. Bc7+ Kxc7 45. Rxc5+ Kd6 46. Rc8
Rxf4 47. Rg8 Rf3+ 48. Kd4 Rxb3 49. Rd8+ Ke6 50. h6 Rb4+ 51. Kc5 Rxa4 52. Rd6+
Kf7 53. Kxd5 Ra6 54. Rd7+ Kg6 55. Ke5 Ra5+ 56. Kf4 Kxh6 57. Rxb7 Kg6 58. Rb6+
Kh5 59. Rc6 Ra4+ 60. Kxf5 g3 61. Rc7 h6 62. Rc1 g2 63. Rg1 Rg4 64. Kf6 Kh4 65.
Kf5 Kh3 0-1

[Event "February Sectional. Section A"]
[Site "Winnipeg CAN"]
[Date "2006.02.12"]
[Round "4"]
[White "Gentes, Kevin"]
[Black "Babb, Jeff"]
[Result "1/2-1/2"]
[WhiteElo "2311"]
[BlackElo "2139"]
[PlyCount "90"]
[EventDate "2006.02.10"]
[EventType "tourn"]
[EventRounds "5"]
[EventCountry "CAN"]

1. e4 d6 2. Nf3 Nf6 3. d3 g6 4. g3 Bg7 5. Bg2 c5 6. O-O Nc6 7. Nbd2 O-O 8. c3
Ne8 9. a4 Rb8 10. Nc4 Bg4 11. h3 Bxf3 12. Qxf3 Na5 13. Bg5 Nxc4 14. dxc4 a5 15.
Qe2 Nc7 16. Rfd1 Qe8 17. h4 Na8 18. Qc2 Nb6 19. b3 Nd7 20. Rac1 Ne5 21. Qe2 Qd7
22. f3 Qc7 23. Be3 Nc6 24. f4 Rbd8 25. Bh3 Qb6 26. Qc2 Rfe8 27. f5 e6 28. Rd3
Qc7 29. Rcd1 b6 30. Qd2 Bf8 31. Qh2 Rc8 32. Kf2 f6 33. Rh1 Qg7 34. Bg2 g5 35.
Rhd1 h6 36. Qh1 Qc7 37. R1d2 Nd8 38. Ke2 Nf7 39. Kd1 Rcd8 40. Bf3 Bg7 41. Ke2
Qe7 42. Kf2 Qf8 43. Kg2 Qe7 44. Qh3 Rf8 45. g4 Rfe8 1/2-1/2

[Event "February Sectional. Section A"]
[Site "Winnipeg CAN"]
[Date "2006.02.12"]
[Round "4"]
[White "Khedkar, Jay"]
[Black "Vincent, Trevor"]
[Result "1/2-1/2"]
[WhiteElo "1880"]
[BlackElo "1997"]
[PlyCount "61"]
[EventDate "2006.02.10"]
[EventType "tourn"]
[EventRounds "5"]
[EventCountry "CAN"]

1. e4 c5 2. Nf3 Nc6 3. d4 cxd4 4. Nxd4 g6 5. c4 Nf6 6. Nc3 d6 7. Be2 Nxd4 8.
Qxd4 Bg7 9. Be3 O-O 10. Qd2 Be6 11. f3 Qa5 12. Rc1 Rfc8 13. Nd5 Qxd2+ 14. Kxd2
Nxd5 15. cxd5 Bd7 16. b3 a6 17. Rxc8+ Rxc8 18. Rc1 Rxc1 19. Kxc1 f5 20. Kc2
fxe4 21. fxe4 Kf7 22. a4 Be5 23. g3 Bh3 24. b4 Bg2 25. Bd3 Bf3 26. b5 axb5 27.
axb5 Ke8 28. Bb6 h5 29. Kd2 Kf7 30. Ke3 Bg4 31. Bd4 1/2-1/2

[Event "February Sectional. Section A"]
[Site "Winnipeg CAN"]
[Date "2006.02.12"]
[Round "5"]
[White "Babb, Jeff"]
[Black "Khedkar, Jay"]
[Result "1-0"]
[WhiteElo "2139"]
[BlackElo "1880"]
[PlyCount "53"]
[EventDate "2006.02.10"]
[EventType "tourn"]
[EventRounds "5"]
[EventCountry "CAN"]

1. e4 c5 2. Nc3 Nc6 3. g3 Nf6 4. Bg2 e6 5. Nge2 Be7 6. O-O O-O 7. d3 d6 8. f4
Bd7 9. h3 Qb6 10. Kh2 Rac8 11. Rb1 Nd4 12. Be3 a5 13. a3 a4 14. Qd2 Bc6 15. g4
Rfd8 16. Bf2 d5 17. e5 Ne8 18. Nxd4 cxd4 19. Ne2 Bc5 20. Rfc1 Qa7 21. Qe1 Nc7
22. Qg1 Nb5 23. c3 Qa5 24. Nxd4 Qb6 25. Kg3 g5 26. fxg5 Qc7 27. Nxc6 1-0

[Event "February Sectional. Section A"]
[Site "Winnipeg CAN"]
[Date "2006.02.12"]
[Round "5"]
[White "Vincent, Trevor"]
[Black "Boron, Anthony"]
[Result "1-0"]
[WhiteElo "1997"]
[BlackElo "1975"]
[PlyCount "88"]
[EventDate "2006.02.10"]
[EventType "tourn"]
[EventRounds "5"]
[EventCountry "CAN"]

1. c4 b6 2. Nc3 Bb7 3. e4 e5 4. g3 Nc6 5. Bg2 Bc5 6. Nge2 Nge7 7. O-O O-O 8. d3
d6 9. a3 a5 10. Rb1 Qe8 11. Bd2 Rd8 12. Nb5 Qd7 13. Bc3 Ba6 14. b4 axb4 15.
axb4 Bd4 16. Nbxd4 Nxd4 17. Nxd4 exd4 18. Bxd4 c5 19. Bc3 Bb7 20. Qb3 Bc6 21.
Qb2 Qg4 22. b5 Bb7 23. Rbe1 h5 24. f3 Qg6 25. f4 h4 26. f5 Qg5 27. f6 Ng6 28.
Rf5 Qh6 29. fxg7 Rfe8 30. g4 Ne5 31. Bd2 Qxg7 32. Rg5 Ng6 33. Bc3 Qh6 34. Rh5
Qf8 35. Rf1 Bc8 36. Rff5 Bxf5 37. gxf5 Ne5 38. Rg5+ Kh7 39. Qe2 Ng6 40. Rh5+
Kg8 41. fxg6 f6 42. Rxh4 Qg7 43. Bh3 Kf8 44. Bf5 Ke7 1-0

[Event "February Sectional. Section A"]
[Site "Winnipeg CAN"]
[Date "2006.02.12"]
[Round "5"]
[White "Zaczek, Jonathan"]
[Black "Gentes, Kevin"]
[Result "1/2-1/2"]
[WhiteElo "2030"]
[BlackElo "2311"]
[PlyCount "34"]
[EventDate "2006.02.10"]
[EventType "tourn"]
[EventRounds "5"]
[EventCountry "CAN"]

1. e4 e6 2. d4 d5 3. Nc3 Nf6 4. Bg5 Bb4 5. e5 h6 6. Bd2 Bxc3 7. bxc3 Ne4 8. Qg4
Kf8 9. Bd3 Nxd2 10. Kxd2 c5 11. a4 Nc6 12. h4 Qa5 13. Nf3 cxd4 14. Qf4 Qxc3+
15. Ke2 Bd7 16. Rab1 b6 17. Rh3 Qc5 1/2-1/2